Statistics for Lil Rappers

Click here to take the quiz!

General Stats

  • This quiz has been taken 226 times
  • The average score is 6 of 11

Answer Stats

HintAnswer% Correct
lilpump
92%
liluzi
79%
lilwayne
74%
lilbaby
69%
lilpeep
67%
lilyachty
60%
lilskies
51%
lilmosey
43%
lilxan
43%
lildicky
28%
liljon
18%

Score Distribution

Percentile by Number Answered

Percent of People with Each Score

Your Score History

You have not taken this quiz